[Event "GER-ch U16 Girls"]
[Site "Willingen"]
[Date "2023.06.03"]
[Round "9"]
[White "Hubert, Charlotte"]
[Black "Prinzen, Siri Marleen"]
[Result "1-0"]
[WhiteElo "1842"]
[BlackElo "1724"]
[PlyCount "67"]
[EventDate "2023.05.27"]
[EventType "swiss"]
[EventRounds "9"]
[EventCountry "GER"]
[SourceTitle "CBM 214 Extra"]
[Source "ChessBase"]
[SourceDate "2023.07.31"]
[SourceVersion "1"]
[SourceVersionDate "2023.07.31"]
[SourceQuality "1"]

1. e4 c5 2. Nf3 e6 3. d4 cxd4 4. Nxd4 Nc6 5. Nc3 Nf6 6. Ndb5 Bb4 7. a3 Bxc3+ 8. Nxc3 d5 9. exd5 exd5 10. Bd3 0-0 11. 0-0 Bg4 12. Be2 Bxe2 13. Nxe2 h6 14. Be3 Rc8 15. h3 b6 16. Re1 Qc7 17. Bf4 Qd7 18. Ng3 Rfd8 19. Qd3 Na5 20. Be5 Ne8 21. Nf5 f6 22. Bxf6 Nxf6 23. Re7 Nc6 24. Nxh6+ Kf8 25. Rxd7 Rxd7 26. Ng4 Nxg4 27. hxg4 Ne7 28. Qh7 Rd6 29. Re1 Rh6 30. Qd3 Rf6 31. g5 Rf7 32. Re6 g6 33. Qh3 Ke8 34. Rxe7+ 1-0

[Event "GER-ch U16 Girls"]
[Site "Willingen"]
[Date "2023.05.31"]
[Round "5"]
[White "Prinzen, Siri Marleen"]
[Black "Jacobasch, Ronja"]
[Result "1-0"]
[WhiteElo "1724"]
[BlackElo "1595"]
[PlyCount "102"]
[EventDate "2023.05.27"]
[EventType "swiss"]
[EventRounds "9"]
[EventCountry "GER"]
[SourceTitle "CBM 214 Extra"]
[Source "ChessBase"]
[SourceDate "2023.07.31"]
[SourceVersion "1"]
[SourceVersionDate "2023.07.31"]
[SourceQuality "1"]

1. e4 d5 2. exd5 Qxd5 3. Nc3 Qd8 4. Nf3 Bg4 5. Be2 Nc6 6. h3 Bxf3 7. Bxf3 Qd7 8. d3 e5 9. 0-0 0-0-0 10. Re1 Bd6 11. a4 f5 12. Nb5 Kb8 13. Be3 a6 14. Na3 f4 15. Bd2 g5 16. Nc4 Re8 17. Bc3 Nd4 18. Bxd4 exd4 19. Rxe8+ Qxe8 20. Nxd6 cxd6 21. Qd2 Ne7 22. Qb4 Nc6 23. Qxd6+ Ka8 24. Bxc6 Qxc6 25. Qxd4 Re8 26. c4 a5 27. Qc3 b6 28. b4 axb4 29. Qxb4 Rd8 30. a5 Kb7 31. Qb3 Qc5 32. axb6 Qxb6 33. Qxb6+ Kxb6 34. Rb1+ Kc6 35. Rb3 h6 36. f3 Rd6 37. Kf2 Re6 38. d4 Kc7 39. g3 Rd6 40. d5 fxg3+ 41. Kxg3 Rd7 42. h4 Rf7 43. c5 gxh4+ 44. Kxh4 Rf4+ 45. Kg3 Rc4 46. c6 Rd4 47. Rb7+ Kd6 48. Rd7+ Ke5 49. c7 Rc4 50. d6 Ke6 51. Rd8 Kd5 1-0

[Event "GER-chT U16 Girls"]
[Site "Neumuenster"]
[Date "2022.12.30"]
[Round "7"]
[White "Pikki, Daria"]
[Black "Prinzen, Siri Marleen"]
[Result "1/2-1/2"]
[WhiteElo "1649"]
[BlackElo "1772"]
[PlyCount "81"]
[EventDate "2022.12.26"]
[EventType "team-swiss"]
[EventRounds "7"]
[EventCountry "GER"]
[SourceTitle "CBM 212 Extra"]
[Source "ChessBase"]
[SourceDate "2023.03.31"]
[SourceVersion "1"]
[SourceVersionDate "2023.03.31"]
[SourceQuality "1"]
[WhiteTeam "Koenigsjaeger Sued West"]
[BlackTeam "Garching"]
[WhiteTeamCountry "GER"]
[BlackTeamCountry "GER"]

1. d4 d5 2. c4 e6 3. Nc3 Nf6 4. cxd5 exd5 5. Bg5 Be7 6. e3 c6 7. Bd3 h6 8. Bh4 0-0 9. Qc2 Re8 10. h3 Ne4 11. Bxe7 Qxe7 12. Nf3 Nd7 13. 0-0 Ndf6 14. a3 Nxc3 15. Qxc3 Ne4 16. Qc2 a5 17. b3 Bd7 18. Ne5 f6 19. Ng6 Qf7 20. Nf4 g5 21. Ne2 f5 22. Rab1 Nd6 23. Ng3 h5 24. Be2 g4 25. Kh2 h4 26. Nh1 Ne4 27. Bd3 Qg7 28. Bxe4 Rxe4 29. Qc5 Kh8 30. Qd6 Rg8 31. b4 axb4 32. Rxb4 Re6 33. Qf4 Re4 34. Qd6 Re6 35. Qf4 Re4 36. Qd6 Bc8 37. Ra4 Re6 38. Qf4 Re4 39. Qd6 Re6 40. Qf4 Re4 41. Qd6 1/2-1/2

[Event "GER-chT U16 Girls"]
[Site "Neumuenster"]
[Date "2022.12.29"]
[Round "5"]
[White "Prinzen, Siri Marleen"]
[Black "Hubert, Charlotte"]
[Result "1/2-1/2"]
[WhiteElo "1772"]
[BlackElo "1707"]
[PlyCount "58"]
[EventDate "2022.12.26"]
[EventType "team-swiss"]
[EventRounds "7"]
[EventCountry "GER"]
[SourceTitle "CBM 212 Extra"]
[Source "ChessBase"]
[SourceDate "2023.03.31"]
[SourceVersion "1"]
[SourceVersionDate "2023.03.31"]
[SourceQuality "1"]
[WhiteTeam "Garching"]
[BlackTeam "Hamburger SK"]
[WhiteTeamCountry "GER"]
[BlackTeamCountry "GER"]

1. d4 Nf6 2. Bf4 d5 3. e3 c5 4. Nc3 cxd4 5. exd4 a6 6. Nf3 Nc6 7. Ne5 Bd7 8. Ne2 e6 9. c3 b5 10. a3 Na5 11. Nc1 Nc4 12. Ncd3 Be7 13. b4 Ne4 14. Qc2 a5 15. Qc1 f6 16. Nxc4 bxc4 17. Nc5 Bxc5 18. dxc5 e5 19. Bg3 0-0 20. f3 Ng5 21. Be2 Bb5 22. a4 Be8 23. b5 Ne6 24. Bf2 Nf4 25. Kf1 f5 26. g3 Nd3 27. Bxd3 cxd3 28. Qe3 e4 29. Ke1 Rb8 1/2-1/2

[Event "GER-chT U16 Girls"]
[Site "Neumuenster"]
[Date "2022.12.27"]
[Round "2"]
[White "Prinzen, Siri Marleen"]
[Black "Jacobasch, Ronja"]
[Result "1-0"]
[WhiteElo "1772"]
[BlackElo "1508"]
[PlyCount "115"]
[EventDate "2022.12.26"]
[EventType "team-swiss"]
[EventRounds "7"]
[EventCountry "GER"]
[SourceTitle "CBM 212 Extra"]
[Source "ChessBase"]
[SourceDate "2023.03.31"]
[SourceVersion "1"]
[SourceVersionDate "2023.03.31"]
[SourceQuality "1"]
[WhiteTeam "Garching"]
[BlackTeam "Altenberg"]
[WhiteTeamCountry "GER"]
[BlackTeamCountry "GER"]

1. d4 Nf6 2. Bf4 g6 3. c4 Bg7 4. Nc3 d6 5. e3 0-0 6. Nf3 c5 7. h3 cxd4 8. exd4 Nc6 9. Be2 Bf5 10. a3 a5 11. 0-0 Re8 12. Rc1 Rc8 13. Qd2 Ne4 14. Nxe4 Bxe4 15. d5 Bxf3 16. Bxf3 Ne5 17. Be2 b6 18. Be3 Qc7 19. f4 Nd7 20. Bg4 Rb8 21. Bxd7 Qxd7 22. b3 Rb7 23. a4 Rf8 24. Rce1 Rbb8 25. Re2 Qc7 26. Rfe1 Rbe8 27. Bf2 Bf6 28. g4 h6 29. Be3 e6 30. dxe6 fxe6 31. Qd3 Kg7 32. Bf2 e5 33. h4 Qd7 34. g5 hxg5 35. hxg5 Qg4+ 36. Qg3 Qxg3+ 37. Bxg3 Bd8 38. fxe5 dxe5 39. Bxe5+ Kg8 40. Bd6 Rxe2 41. Rxe2 Bxg5 42. Bxf8 Kxf8 43. Re5 Bf6 44. Rd5 Kf7 45. Kg2 Be7 46. Kf3 Kf6 47. Ke4 Kf7 48. Rd3 Ke6 49. Rg3 g5 50. Rh3 Kf6 51. Rh6+ Kg7 52. Rxb6 Kf7 53. Kf5 Bd8 54. Rb7+ Ke8 55. Ke6 Kf8 56. Rd7 Bb6 57. Rd5 g4 58. Rg5 1-0

[Event "GER-chT Lands U20"]
[Site "Wiesbaden"]
[Date "2022.10.02"]
[Round "4.1"]
[White "Prinzen, Siri Marleen"]
[Black "Trunz, Michelle"]
[Result "1/2-1/2"]
[WhiteElo "1719"]
[BlackElo "1821"]
[PlyCount "136"]
[EventDate "2022.09.30"]
[EventType "team-swiss"]
[EventRounds "7"]
[EventCountry "GER"]
[SourceTitle "CBM 210 Extra"]
[Source "ChessBase"]
[SourceDate "2022.11.30"]
[SourceVersion "1"]
[SourceVersionDate "2022.11.30"]
[SourceQuality "1"]
[WhiteTeam "Bayern U20"]
[BlackTeam "Nordrhein Westfalen U20"]
[WhiteTeamCountry "GER"]
[BlackTeamCountry "GER"]

1. d4 f5 2. h3 Nf6 3. g4 d5 4. Nc3 fxg4 5. Bf4 c5 6. e3 Nc6 7. Nb5 Kf7 8. Nc3 Bf5 9. hxg4 Bxg4 10. f3 Bf5 11. Bd3 Bxd3 12. Qxd3 cxd4 13. exd4 Qb6 14. 0-0-0 Nb4 15. Qe3 Qe6 16. Qxe6+ Kxe6 17. Nh3 Kd7 18. Ng5 g6 19. Be5 h6 20. Nh3 Bg7 21. a3 Nc6 22. Nxd5 Rhg8 23. Bxf6 Bxf6 24. Nxf6+ exf6 25. Nf4 h5 26. Rhg1 Ne7 27. Rg2 h4 28. Nd3 b6 29. Rh2 Nf5 30. Nf4 Rae8 31. Nd5 Re6 32. Nf4 Rd6 33. c3 g5 34. Ng2 Re6 35. Rd2 Rge8 36. f4 Ng3 37. Rh3 Re2 38. Rxe2 Rxe2 39. Nxh4 gxh4 40. Rxh4 f5 41. Rh3 Re3 42. Kd1 b5 43. Rh7+ Re7 44. Rh6 Kc7 45. Rg6 Ne4 46. Rh6 Nd6 47. b3 Re3 48. Kd2 Rf3 49. Rh7+ Kb6 50. Rh6 Kc6 51. c4 bxc4 52. bxc4 Rxf4 53. Ke3 Re4+ 54. Kd3 Kd7 55. a4 Re6 56. Rh7+ Re7 57. Rh6 Rg7 58. Kc3 a5 59. c5 Rg3+ 60. Kc2 Nc4 61. d5 Ne3+ 62. Kd2 Nc4+ 63. Kc2 f4 64. Rh7+ Kd8 65. Rh8+ Kd7 66. Rh7+ Ke8 67. d6 Ne3+ 68. Kd2 Nc4+ 1/2-1/2

[Event "GER-chT U14"]
[Site "Willingen"]
[Date "2022.08.13"]
[Round "2.7"]
[White "Mehner, Lorenz"]
[Black "Prinzen, Siri Marleen"]
[Result "1-0"]
[WhiteElo "1602"]
[BlackElo "1801"]
[PlyCount "51"]
[EventDate "2022.08.13"]
[EventType "team-swiss"]
[EventRounds "7"]
[EventCountry "GER"]
[SourceTitle "EXT 2023"]
[Source "ChessBase"]
[SourceDate "2022.10.05"]
[SourceVersion "1"]
[SourceVersionDate "2022.10.05"]
[SourceQuality "1"]
[WhiteTeam "Chemnitz USG"]
[BlackTeam "Muenchen Tarrasch"]
[WhiteTeamCountry "GER"]
[BlackTeamCountry "GER"]

1. d4 d5 2. c4 e6 3. Nc3 Nf6 4. cxd5 exd5 5. Bg5 Be7 6. e3 c6 7. Bd3 Nbd7 8. h3 0-0 9. Nf3 Re8 10. Qc2 Ne4 11. Bxe4 dxe4 12. Nxe4 Qa5+ 13. Qd2 Bb4 14. Nc3 Nb6 15. 0-0 Nd5 16. Rfc1 Nxc3 17. bxc3 Ba3 18. Rd1 Bf5 19. Bh4 Qb5 20. Re1 f6 21. Rad1 Be4 22. Bg3 Rad8 23. Nh2 Qg5 24. Nf1 h5 25. h4 c5 26. hxg5 1-0

[Event "Mittelfranken Landesliga Sued 2122"]
[Site "Mittelfranken"]
[Date "2022.06.26"]
[Round "3.8"]
[White "Schuetz, Guenter"]
[Black "Prinzen, Siri Marleen"]
[Result "1-0"]
[WhiteElo "2065"]
[BlackElo "1746"]
[PlyCount "95"]
[EventDate "2021.10.24"]
[EventType "team-tourn"]
[EventRounds "9"]
[EventCountry "GER"]
[SourceTitle "EXT 2024"]
[Source "ChessBase"]
[SourceDate "2023.10.10"]
[SourceVersion "1"]
[SourceVersionDate "2023.10.10"]
[SourceQuality "1"]
[WhiteTeam "Bayern Muenchen III"]
[BlackTeam "Muenchen Tarrasch"]
[WhiteTeamCountry "GER"]
[BlackTeamCountry "GER"]

1. e4 c6 2. Nc3 d5 3. Nf3 Nf6 4. e5 Ne4 5. d3 Nxc3 6. bxc3 Bg4 7. Be2 Nd7 8. d4 e6 9. 0-0 Be7 10. Ne1 Bxe2 11. Qxe2 0-0 12. Qg4 Re8 13. Bh6 Bf8 14. f4 Kh8 15. Bg5 Be7 16. Bxe7 Qxe7 17. f5 c5 18. Nf3 f6 19. Rae1 exf5 20. Qxf5 Qe6 21. Qxe6 Rxe6 22. exf6 Rxf6 23. Re7 Nb6 24. Rfe1 Na4 25. Rxb7 Rb6 26. Rxa7 Rbb8 27. Ree7 Rxa7 28. Rxa7 Nxc3 29. Kf2 h6 30. dxc5 Ne4+ 31. Ke3 Nxc5 32. Kd4 Ne6+ 33. Kxd5 Nf4+ 34. Kd6 Nxg2 35. c4 Rf8 36. Nd4 Rf6+ 37. Ne6 Ne3 38. c5 Nc4+ 39. Ke7 Kh7 40. c6 Ne5 41. Rc7 Kg6 42. Rc8 Rf7+ 43. Kd6 Nc4+ 44. Kc5 Ne3 45. Rf8 Nf5 46. c7 Ne7 47. Nf4+ Kf6 48. Nd5+ 1-0

[Event "GER-ch U16 Girls"]
[Site "Willingen"]
[Date "2022.06.08"]
[Round "5"]
[White "Prinzen, Siri Marleen"]
[Black "Derling, Charlotte"]
[Result "0-1"]
[WhiteElo "1744"]
[BlackElo "1506"]
[PlyCount "126"]
[EventDate "2022.06.04"]
[EventType "swiss"]
[EventRounds "9"]
[EventCountry "GER"]
[SourceTitle "CBM 208 Extra"]
[Source "ChessBase"]
[SourceDate "2022.07.31"]
[SourceVersion "1"]
[SourceVersionDate "2022.07.31"]
[SourceQuality "1"]

1. e4 c5 2. Nc3 Nc6 3. Nge2 g6 4. g3 Bg7 5. Bg2 d6 6. d3 e5 7. 0-0 Nge7 8. Bg5 f6 9. Be3 0-0 10. Qd2 Nd4 11. f4 Bh6 12. Nd1 Bg4 13. Nec3 Rb8 14. Nf2 Bd7 15. Ne2 Qc8 16. c3 Nxe2+ 17. Qxe2 Nc6 18. h3 b5 19. Ng4 Bg7 20. f5 g5 21. h4 h6 22. Kf2 h5 23. Nxf6+ Bxf6 24. hxg5 Bxg5 25. Qxh5 Bxe3+ 26. Kxe3 Rf7 27. Rh1 Rg7 28. g4 Qe8 29. Qh6 Ne7 30. Bf3 Kf7 31. g5 Bxf5 32. Bh5+ Bg6 33. Raf1+ Kg8 34. Bxg6 Nxg6 35. Rf6 Rbb7 36. Rxd6 Rbd7 37. Rxd7 Qxd7 38. Rf1 Nf4 39. Rd1 Qg4 40. Kd2 Qg2+ 41. Kc1 Qxg5 42. Qxg5 Rxg5 43. Rd2 Rg2 44. Rxg2+ Nxg2 45. Kd2 Kf7 46. d4 c4 47. b3 Ke6 48. bxc4 bxc4 49. Kc2 Ne1+ 50. Kb2 Nf3 51. Ka3 exd4 52. cxd4 Nxd4 53. Kb4 Ke5 54. Kxc4 Kxe4 55. a3 a5 56. Kc3 Kd5 57. Kd3 a4 58. Kc3 Kc5 59. Kb2 Kc4 60. Ka2 Kc3 61. Kb1 Kb3 62. Kc1 Kxa3 63. Kd2 Kb2 0-1

[Event "GER-ch U16 Girls"]
[Site "Willingen"]
[Date "2022.06.06"]
[Round "3"]
[White "Prinzen, Siri Marleen"]
[Black "Werner, Rosalie"]
[Result "1-0"]
[WhiteElo "1744"]
[BlackElo "1706"]
[PlyCount "131"]
[EventDate "2022.06.04"]
[EventType "swiss"]
[EventRounds "9"]
[EventCountry "GER"]
[SourceTitle "CBM 208 Extra"]
[Source "ChessBase"]
[SourceDate "2022.07.31"]
[SourceVersion "1"]
[SourceVersionDate "2022.07.31"]
[SourceQuality "1"]

1. e4 e6 2. d4 d5 3. e5 c5 4. c3 Nc6 5. Nf3 Qb6 6. a3 Bd7 7. b4 cxd4 8. cxd4 Rc8 9. Be3 Nh6 10. Bd3 Ng4 11. 0-0 Nxe3 12. fxe3 Be7 13. Qe1 Nb8 14. Nc3 a6 15. Rc1 0-0 16. Qg3 h6 17. Nh4 Bxh4 18. Qxh4 Qd8 19. Qg3 Qg5 20. Qf4 f5 21. exf6 Qxf4 22. exf4 Rxf6 23. f5 Nc6 24. fxe6 Rxf1+ 25. Rxf1 Bxe6 26. Ne2 Ne7 27. h3 Bf7 28. Bh7+ Kxh7 29. Rxf7 Re8 30. Nc3 Kg8 31. Rf3 Rc8 32. Na4 Rc4 33. Nc5 Rxd4 34. Nxb7 Rc4 35. Nc5 a5 36. Na6 axb4 37. Nxb4 Rc5 38. Kf2 Nc6 39. Nxc6 Rxc6 40. Ke3 Ra6 41. Kd4 Ra5 42. Ke5 g6 43. Kd6 Kg7 44. Kc6 g5 45. Kb6 Ra8 46. Kc5 Ra5+ 47. Kb4 Ra8 48. g4 Rc8 49. a4 Rb8+ 50. Kc5 d4 51. a5 Rb1 52. Ra3 d3 53. Rxd3 Ra1 54. Kb6 Rb1+ 55. Ka7 Ra1 56. a6 Kh7 57. Kb7 Rb1+ 58. Ka8 Ra1 59. Rd7+ Kg6 60. Rd6+ Kg7 61. Kb7 Rb1+ 62. Rb6 Re1 63. a7 Re7+ 64. Ka6 Re8 65. Rb8 Re6+ 66. Kb5 1-0

[Event "BL2 Ost 2122 (Women)"]
[Site "Germany"]
[Date "2022.02.20"]
[Round "3.6"]
[White "Riemer Nlula, Marion"]
[Black "Prinzen, Siri Marleen"]
[Result "1/2-1/2"]
[WhiteElo "1810"]
[BlackElo "1719"]
[PlyCount "35"]
[EventDate "2021.11.27"]
[EventType "team-tourn"]
[EventRounds "7"]
[EventCountry "GER"]
[SourceTitle "EXT 2023"]
[Source "ChessBase"]
[SourceDate "2022.10.05"]
[SourceVersion "1"]
[SourceVersionDate "2022.10.05"]
[SourceQuality "1"]
[WhiteTeam "Zeulenroda Rochade (W)"]
[BlackTeam "Bavaria Regensburg (W)"]
[WhiteTeamCountry "GER"]
[BlackTeamCountry "GER"]

1. e4 c6 2. d4 d5 3. exd5 cxd5 4. Bd3 Qc7 5. Ne2 Nc6 6. Bf4 Qa5+ 7. c3 g6 8. 0-0 Bg7 9. Nd2 Nf6 10. Ng3 0-0 11. h4 Re8 12. Re1 Nd7 13. h5 e5 14. hxg6 hxg6 15. dxe5 Ndxe5 16. Bxe5 Rxe5 17. Qc2 Bd7 18. Nf3 1/2-1/2

[Event "GER-ch U14 Girls"]
[Site "Willingen"]
[Date "2021.08.27"]
[Round "7"]
[White "Prinzen, Siri Marleen"]
[Black "Voigt, Anastasia"]
[Result "1/2-1/2"]
[WhiteElo "1626"]
[BlackElo "1737"]
[PlyCount "90"]
[EventDate "2021.08.22"]
[EventType "swiss"]
[EventRounds "9"]
[EventCountry "GER"]
[SourceTitle "EXT 2022"]
[Source "ChessBase"]
[SourceDate "2021.10.06"]
[SourceVersion "1"]
[SourceVersionDate "2021.10.06"]
[SourceQuality "1"]

1. d4 Nf6 2. Bf4 e6 3. e3 c5 4. Nd2 d5 5. c3 Bd6 6. Bg3 0-0 7. Ngf3 Qc7 8. Bd3 Nbd7 9. 0-0 Bxg3 10. hxg3 e5 11. e4 dxe4 12. Nxe4 Nxe4 13. Bxe4 Nf6 14. Re1 exd4 15. cxd4 cxd4 16. Nxd4 Rd8 17. Qc2 Qxc2 18. Nxc2 Nxe4 19. Rxe4 Bf5 20. Rc4 Rd2 21. Ne3 Be6 22. Rc2 Rad8 23. Rxd2 Rxd2 24. b3 g6 25. Kf1 b5 26. Ke1 Rb2 27. Nd1 Rc2 28. Ne3 Rc6 29. Kd2 Kg7 30. Nc2 g5 31. Nd4 Rd6 32. Ke3 Bd7 33. Rd1 Rh6 34. Rd2 g4 35. Rc2 Ra6 36. Rc7 Be6 37. Rc2 Rb6 38. Rc5 a6 39. Kf4 Rd6 40. Ke5 Rb6 41. Kf4 Bd7 42. Rc7 Rf6+ 43. Ke5 Be6 44. Re7 Bc8 45. Rc7 Be6 1/2-1/2

[Event "GER-chT U14 Girls"]
[Site "Willingen"]
[Date "2021.06.26"]
[Round "5.1"]
[White "Zhou, Lepu Coco"]
[Black "Prinzen, Siri Marleen"]
[Result "1-0"]
[WhiteElo "1905"]
[BlackElo "1722"]
[PlyCount "69"]
[EventDate "2021.06.23"]
[EventType "team-swiss"]
[EventRounds "7"]
[EventCountry "GER"]
[SourceTitle "EXT 2022"]
[Source "ChessBase"]
[SourceDate "2021.10.06"]
[SourceVersion "1"]
[SourceVersionDate "2021.10.06"]
[SourceQuality "1"]
[WhiteTeam "Weisse Dame"]
[BlackTeam "Karlsruhe SF"]
[WhiteTeamCountry "GER"]
[BlackTeamCountry "GER"]

1. e4 c6 2. d4 d5 3. e5 c5 4. c4 e6 5. Nf3 cxd4 6. Nxd4 Ne7 7. Nc3 dxc4 8. Ndb5 Nec6 9. Qxd8+ Kxd8 10. Bg5+ Be7 11. Bxe7+ Kxe7 12. Nc7 Nxe5 13. Nxa8 Bd7 14. Nc7 a6 15. Na8 b5 16. 0-0-0 Bc6 17. Nb6 Rd8 18. Rxd8 Kxd8 19. a4 Kc7 20. a5 Bb7 21. f4 Nec6 22. Nxc4 bxc4 23. Bxc4 Nxa5 24. Bd3 h6 25. Be4 Bxe4 26. Nxe4 Nc4 27. Rd1 Ne3 28. Rd2 Nd5 29. g3 h5 30. Ng5 h4 31. Nxf7 hxg3 32. hxg3 Nc6 33. f5 Kd7 34. Ng5 Ke7 35. Nxe6 1-0

[Event "GER-chT U14 Girls"]
[Site "Willingen"]
[Date "2021.06.25"]
[Round "4.1"]
[White "Prinzen, Siri Marleen"]
[Black "Becker, Linda"]
[Result "1/2-1/2"]
[WhiteElo "1722"]
[BlackElo "1763"]
[PlyCount "42"]
[EventDate "2021.06.23"]
[EventType "team-swiss"]
[EventRounds "7"]
[EventCountry "GER"]
[SourceTitle "EXT 2022"]
[Source "ChessBase"]
[SourceDate "2021.10.06"]
[SourceVersion "1"]
[SourceVersionDate "2021.10.06"]
[SourceQuality "1"]
[WhiteTeam "Karlsruhe SF"]
[BlackTeam "Porz SG"]
[WhiteTeamCountry "GER"]
[BlackTeamCountry "GER"]

1. e4 e6 2. d4 d5 3. Nd2 c5 4. exd5 exd5 5. Ngf3 Bd6 6. dxc5 Bxc5 7. Nb3 Be7 8. Bb5+ Nc6 9. 0-0 Nf6 10. Nbd4 Bd7 11. h3 0-0 12. Be3 Qc7 13. c3 Rfe8 14. Rc1 a6 15. Bd3 Rad8 16. Qc2 h6 17. Rfe1 Na5 18. Nf5 Bxf5 19. Bxf5 Nc4 20. Bd4 Qa5 21. b3 Nd6 1/2-1/2

[Event "GER-chT U14 Girls"]
[Site "Willingen"]
[Date "2021.06.24"]
[Round "2.1"]
[White "Prinzen, Siri Marleen"]
[Black "Lorenz, Veronika"]
[Result "1-0"]
[WhiteElo "1722"]
[BlackElo "1336"]
[PlyCount "85"]
[EventDate "2021.06.23"]
[EventType "team-swiss"]
[EventRounds "7"]
[EventCountry "GER"]
[SourceTitle "EXT 2022"]
[Source "ChessBase"]
[SourceDate "2021.10.06"]
[SourceVersion "1"]
[SourceVersionDate "2021.10.06"]
[SourceQuality "1"]
[WhiteTeam "Karlsruhe SF"]
[BlackTeam "Oberschoeneweide"]
[WhiteTeamCountry "GER"]
[BlackTeamCountry "GER"]

1. e4 e5 2. Nf3 Nc6 3. Bc4 Nf6 4. d3 Bc5 5. c3 0-0 6. 0-0 d5 7. exd5 Nxd5 8. Nbd2 Nb6 9. Bb5 Bg4 10. Ne4 Bd6 11. h3 Bh5 12. Ng3 Bg6 13. Bg5 f6 14. Be3 Qd7 15. d4 a6 16. Be2 e4 17. Nh4 f5 18. Nxg6 hxg6 19. Bg5 Rae8 20. f4 Be7 21. h4 Bxg5 22. hxg5 Nd5 23. Rf2 Qd6 24. Bc4 b5 25. Bxd5+ Qxd5 26. Qb3 Ne7 27. Nf1 Kh7 28. Ne3 Qd6 29. g3 Ng8 30. Rh2+ Nh6 31. Kf2 Re6 32. Rah1 c5 33. gxh6 gxh6 34. Rxh6+ Kg7 35. Rh7+ Kg8 36. Qd5 cxd4 37. Rh8+ Kf7 38. R1h7+ Ke8 39. Qa8+ Qd8 40. Rxf8+ Kxf8 41. Qxd8+ Re8 42. Qf6+ Kg8 43. Qg7# 1-0

[Event "GER-ch U14 Girls"]
[Site "Willingen"]
[Date "2020.10.21"]
[Round "3"]
[White "Hubert, Charlotte"]
[Black "Prinzen, Siri Marleen"]
[Result "1-0"]
[WhiteElo "1438"]
[BlackElo "1712"]
[PlyCount "65"]
[EventDate "2020.10.19"]
[EventType "swiss"]
[EventRounds "7"]
[EventCountry "GER"]
[SourceTitle "EXT 2022"]
[Source "ChessBase"]
[SourceDate "2021.10.06"]
[SourceVersion "1"]
[SourceVersionDate "2021.10.06"]
[SourceQuality "1"]

1. e4 c6 2. Nf3 d5 3. Nc3 dxe4 4. Nxe4 Nf6 5. Qe2 e6 6. Nxf6+ Qxf6 7. d4 Qd8 8. Bf4 Bd6 9. Bxd6 Qxd6 10. 0-0-0 0-0 11. Kb1 Nd7 12. Ne5 Rd8 13. f4 b6 14. Qh5 Nxe5 15. fxe5 Qf8 16. Bd3 g6 17. Qg4 Bb7 18. Rdf1 Rd7 19. h4 h5 20. Qg5 Qg7 21. Rf4 Kh8 22. g4 Qh7 23. Rg1 Rg8 24. Rf6 Rg7 25. Qf4 hxg4 26. Rxg4 Qh5 27. b3 Rc7 28. Kb2 Rd7 29. Rg5 Qh6 30. Qg4 Qh7 31. h5 gxh5 32. Qh4 Rxg5 33. Bxh7 1-0

[Event "GER-chT U14 Girls"]
[Site "Neumuenster"]
[Date "2019.12.30"]
[Round "7.5"]
[White "Alferova, Emily"]
[Black "Prinzen, Siri Marleen"]
[Result "0-1"]
[WhiteElo "1352"]
[BlackElo "1631"]
[PlyCount "150"]
[EventDate "2019.12.27"]
[EventType "team-swiss"]
[EventRounds "7"]
[EventCountry "GER"]
[SourceTitle "CBM 194 Extra"]
[Source "ChessBase"]
[SourceDate "2020.03.31"]
[SourceVersion "1"]
[SourceVersionDate "2020.03.31"]
[SourceQuality "1"]
[WhiteTeam "Garching"]
[BlackTeam "Muenchen Tarrasch"]
[WhiteTeamCountry "GER"]
[BlackTeamCountry "GER"]

1. e4 c6 2. d4 d5 3. Nc3 dxe4 4. Nxe4 Nd7 5. Nf3 Ngf6 6. Nxf6+ Nxf6 7. c3 e6 8. Bc4 Be7 9. 0-0 0-0 10. Re1 b6 11. h3 Bb7 12. Be3 Rc8 13. Qe2 Rc7 14. Bf4 Bd6 15. Bxd6 Qxd6 16. Qe5 Qe7 17. Rad1 h6 18. Qe2 Rd8 19. Bb3 Nd5 20. c4 Nf4 21. Qe5 Ng6 22. Qe3 Qf6 23. Ne5 Ne7 24. Ng4 Qg6 25. Qe5 Rcd7 26. Qf4 Qf5 27. Qe3 Qa5 28. Qc3 Qh5 29. Ne5 Rc7 30. Qf3 Qxf3 31. Nxf3 Rcd7 32. Bc2 c5 33. Ba4 Bc6 34. Bxc6 Nxc6 35. d5 exd5 36. Rxd5 Rxd5 37. cxd5 Nb4 38. a3 Nxd5 39. Rd1 f6 40. Nh4 Kf7 41. Nf5 Rd7 42. g4 h5 43. gxh5 Ke6 44. h6 gxh6 45. Nxh6 Rg7+ 46. Kh2 Nf4 47. Ng4 Rh7 48. Re1+ Kf7 49. Re3 Nh5 50. Rf3 Ke6 51. Re3+ Kf5 52. Rf3+ Kg5 53. Ne3 Kg6 54. Rf5 Ng7 55. Rf3 Ne6 56. Nd5 f5 57. Rg3+ Kf7 58. Nc3 f4 59. Rd3 Nd4 60. Nd5 Rh4 61. b4 Ke6 62. Nc7+ Ke5 63. bxc5 bxc5 64. Rc3 Kd6 65. Ne8+ Kc6 66. a4 Rh8 67. Nf6 Rc8 68. Ne4 Kd5 69. Nf6+ Ke6 70. Ne4 c4 71. Nd2 Kd5 72. h4 Ne2 73. Rc2 c3 74. Nf3 Nd4 75. Nxd4 Kxd4 0-1

[Event "GER-chT Lands U20"]
[Site "Wuerzburg"]
[Date "2019.10.02"]
[Round "1.3"]
[White "Prinzen, Siri Marleen"]
[Black "Reich, Elisabeth"]
[Result "1-0"]
[WhiteElo "1520"]
[BlackElo "1199"]
[PlyCount "69"]
[EventDate "2019.10.01"]
[EventType "team-swiss"]
[EventRounds "7"]
[EventCountry "GER"]
[SourceTitle "EXT 2020"]
[Source "ChessBase"]
[SourceDate "2019.10.17"]
[SourceVersion "1"]
[SourceVersionDate "2019.10.17"]
[SourceQuality "1"]
[WhiteTeam "Bayern"]
[BlackTeam "Bayern II"]
[WhiteTeamCountry "GER"]
[BlackTeamCountry "GER"]

1. e4 c5 2. d4 cxd4 3. c3 dxc3 4. Nxc3 d6 5. Nf3 Nf6 6. Bc4 g6 7. e5 dxe5 8. Bxf7+ Kxf7 9. Qxd8 Nc6 10. Ng5+ Kg8 11. Qd1 Bf5 12. Qb3+ Kg7 13. Qf7+ Kh6 14. Nxh7+ Kh5 15. Nxf6+ exf6 16. Qxf6 Bh6 17. Bxh6 Kxh6 18. h4 Rhf8 19. Qg5+ Kg7 20. h5 Rh8 21. h6+ Kh7 22. Nd5 Kg8 23. Ne7+ Nxe7 24. Qxe7 Rh7 25. Qg5 e4 26. g4 Bd7 27. Qxg6+ Kh8 28. Qf6+ Kg8 29. g5 Rf7 30. Qg6+ Kf8 31. h7 Bf5 32. h8Q+ Ke7 33. Qe5+ Kd7 34. Qgd6+ Kc8 35. Qe8# 1-0